[Event "FRA-ch opB"]
[Site "Val d'Isere"]
[Date "2004.08.??"]
[Round "4"]
[White "Babakan, Kouros"]
[Black "Przymusinski, Nicolas"]
[Result "0-1"]
[WhiteElo "1790"]
[BlackElo "1948"]
[PlyCount "68"]
[EventDate "2004.08.16"]
[EventType "swiss"]
[EventRounds "9"]
[EventCountry "FRA"]
[SourceTitle "EXT 2005"]
[Source "ChessBase"]
[SourceDate "2004.11.15"]
[SourceVersion "1"]
[SourceVersionDate "2004.11.15"]
[SourceQuality "1"]

1. e4 c5 2. Nf3 Nc6 3. d4 cxd4 4. Nxd4 Nf6 5. Nc3 e5 6. Nf5 d5 7. exd5 Bxf5 8. dxc6 bxc6 9. Qxd8+ Rxd8 10. Be3 Bb4 11. Bc4 Nd5 12. 0-0-0 Nxe3 13. Rxd8+ Kxd8 14. fxe3 Bxc3 15. bxc3 Ke7 16. Rf1 Be6 17. Bb3 Rd8 18. Rd1 Rxd1+ 19. Kxd1 g5 20. Ke2 f5 21. Kf3 Kf6 22. Kg3 f4+ 23. exf4 gxf4+ 24. Kf3 Bd5+ 25. Bxd5 cxd5 26. c4 dxc4 27. Ke4 h5 28. Kd5 Kf5 29. Kxc4 Ke4 30. Kb5 h4 31. h3 Kd5 32. c4+ Kd6 33. c5+ Kc7 34. c6 e4 0-1